00418cam a2200133 a 4500020002800000040000800028082002600036100002400062245009000086260004200176300002600218650001800244650002200262 a0813378451 (alk. paper) cDLC00a338 WES 1992 A018 Or.1 aDijkstra, A. Geske.10aIndustrialization in Sandinista Nicaragua :bpolicy and practice in a mixed economy / aBoulder, CO :bWestview Press,c1992. axii, 225 p. ;c23 cm. 0aMixed economy 0aIndustrialization